000
00290nam a22001217a 4500
008
230620b xxu||||| |||| 00| 0 eng d
082
_a
320.96
_b
KJ
245
_a
The Kenya Jurist
_b
june/August 1993
_c
vol 3 No 2
260
_c
1993
300
_a
51p
440
_n
2
_v
volume 3
942
_2
ddc
_c
BK
999
_c
1699
_d
1699